|
|
|
|
| LEADER |
00000nam0a2200000 4500 |
| 001 |
212736 |
| 005 |
20231101225757.0 |
| 010 |
|
|
|a 9785406015834
|
| 035 |
|
|
|a (RuTPU)RU\TPU\book\232414
|
| 090 |
|
|
|a 212736
|
| 100 |
|
|
|a 20120402d2012 km y0rusy50 ca
|
| 101 |
0 |
|
|a rus
|
| 102 |
|
|
|a RU
|
| 105 |
|
|
|a a z 000zy
|
| 200 |
1 |
|
|a Продажи и управление бизнесом в розничном банке
|f А. В. Пухов
|
| 210 |
|
|
|a Москва
|c КноРус
|d 2012
|
| 215 |
|
|
|a 272 с.
|c ил.
|
| 225 |
1 |
|
|a Библиотека центра исследований платежных систем и расчетов
|
| 330 |
|
|
|a Представлены практические наработки по организации обучения, продажам розничных услуг, а также методология работы со следующими продуктами: платежными картами и терминалами, денежными переводами, платежами без открытия счета, памятными монетами, сейфовыми ячейками, дорожными и коммерческими чеками, вкладами физических лиц. Для сотрудников коммерческих банков, непосредственно вовлеченных в процесс развития и управления розничными продуктами, управленческого персонала банков, отвечающего за развитие розничного бизнеса, банковских специалистов и лиц, занимающихся организацией продаж в сети банка, а также методологией розничных и развитием комиссионных операций. Рекомендовано также студентам экономических вузов, обучающимся по специальностям"Банковское дело" или "Финансы и кредит"
|
| 606 |
1 |
|
|a Коммерческие банки
|2 stltpush
|3 (RuTPU)RU\TPU\subj\36279
|9 57716
|
| 610 |
1 |
|
|a банковская деятельность
|
| 610 |
1 |
|
|a клиентский сервис
|
| 610 |
1 |
|
|a сотрудники
|
| 610 |
1 |
|
|a продажи
|
| 610 |
1 |
|
|a розничные продукты
|
| 610 |
1 |
|
|a денежные переводы
|
| 610 |
1 |
|
|a операционная работа
|
| 610 |
1 |
|
|a платежи
|
| 610 |
1 |
|
|a платежные терминалы
|
| 610 |
1 |
|
|a памятные монеты
|
| 610 |
1 |
|
|a вклады
|
| 610 |
1 |
|
|a платежные карты
|
| 610 |
1 |
|
|a дорожные чеки
|
| 686 |
|
|
|a У9(2)262.10
|v LBC/SL-A
|2 rubbk
|
| 700 |
|
1 |
|a Пухов
|b А. В.
|g Антон Владимирович
|
| 801 |
|
1 |
|a RU
|b 63413507
|c 20120402
|
| 801 |
|
2 |
|a RU
|b 63413507
|c 20150619
|g RCR
|
| 900 |
|
|
|a Банковское дело
|
| 900 |
|
|
|a Банковский менеджмент
|
| 942 |
|
|
|c BK
|
| 959 |
|
|
|a 48/20120402
|d 2
|e 460,00
|f ЧЗГЛ:1
|f АНЛ:1
|